000
00290nam a2200109Ia 4500
008
200302s9999 xx 000 0 und d
100
_a
J. J. Svec & Others
245
_a
Modern Masonry Panel Construction Systems
260
_b
Chners Books Publishing Co. Inc.
260
_c
1972
300
_a
129 P.,
999
_c
94
_d
94